Central Library OPAC University of Rajshahi

গিরিশ-মানস / (Record no. 49000)

MARC details
000 -LEADER
fixed length control field 00979nam a22002537a 4500
001 - CONTROL NUMBER
control field 49000
003 - CONTROL NUMBER IDENTIFIER
rucl marc code BD-RjUL
005 - DATE AND TIME OF LATEST TRANSACTION
control field 20211209054624.0
008 - FIXED-LENGTH DATA ELEMENTS--GENERAL INFORMATION
fixed length control field 160817s2008 ii ||||| b||| 00| 0 ben d
020 ## - INTERNATIONAL STANDARD BOOK NUMBER
Terms of availability : TK 100
035 ## - SYSTEM CONTROL NUMBER
System control number (BD-RjUL)49119
040 ## - CATALOGING SOURCE
Original cataloging agency BD-RjUL
Language of cataloging ben
Transcribing agency BD-RjUL
041 ## - LANGUAGE CODE
Language code of text/sound track or separate title ben
082 ## - DEWEY DECIMAL CLASSIFICATION NUMBER
Edition number 23
Classification number 891.44209
Author mark and year DUG 2008
100 1# - MAIN ENTRY--PERSONAL NAME
Personal name দত্ত, উৎপল
9 (RLIN) 123673
245 10 - TITLE STATEMENT
Title গিরিশ-মানস /
Statement of responsibility, etc. উৎপল দত্ত
250 ## - EDITION STATEMENT
Edition statement ৩য় সং.
260 ## - PUBLICATION, DISTRIBUTION, ETC. (IMPRINT)
Place of publication, distribution, etc. কলিকাতা :
Name of publisher, distributor, etc. এম. সি. সরকার অ্যাণ্ড সন্স প্রাইভেট লিঃ,
Date of publication, distribution, etc. ২০০৮.
300 ## - PHYSICAL DESCRIPTION
Pagination [৩], ২৯৩ পৃ. ;
Size ২২ সেমি.
504 ## - BIBLIOGRAPHY, ETC. NOTE
Bibliography, etc গ্রন্থপুঞ্জি সংযুক্ত
650 ## - SUBJECT ADDED ENTRY--TOPICAL TERM
Topical term or geographic name as entry element বাংলা নাটক
Form subdivision ই্তিহাস ও সমালোচনা
9 (RLIN) 123606
Topical term or geographic name as entry element Bengali drama
Form subdivision History and criticism
9 (RLIN) 117436
942 ## - ADDED ENTRY ELEMENTS (KOHA)
Source of classification or shelving scheme Dewey Decimal Classification
Koha item type Books
Holdings
Lost status Source of classification or shelving scheme Damaged status Not for loan Collection code Permanent Location Current Location Shelving location Date acquired Source of acquisition Cost, normal purchase price Total Checkouts Full call number Date last seen Copy number Koha item type
  Dewey Decimal Classification     Non-fiction Central Library, University of Rajshahi Central Library, University of Rajshahi   29/04/2013 Dhaka, Space Marketing Comm. 260.00   B 891.44209 DAG 2008 17/08/2016 C-2 Books